000 00675nam a2200217Ia 4500
003 GCL
008 140319s9999 xx 000 0 ara d
040 _aGCL /
_cGCL
082 0 4 _a301.2
_bح ب
100 1 _aحامد سعيد
245 1 0 _aبناء الانسان والطفل /
_cحامد سعيد
260 _a[S.N] :
_bالهيئة المصرية العامة للكتاب ،
_c1990
300 _a119 ص
490 _aالمؤسسة المصرية فى الفن والحياة
_v0
650 0 4 _aالانسان
650 0 4 _aالثقافة
650 0 4 _aالاجتماع
650 0 4 _aالبناء الاجتماعى
650 0 4 _aالطفل
942 _2ddc
_cBK
999 _c30627
_d30627